<?xml version="1.0" encoding="UTF-8"?><?xml-stylesheet type="text/xsl" href="static/style.xsl"?><OAI-PMH xmlns="http://www.openarchives.org/OAI/2.0/" xmlns:xsi="http://www.w3.org/2001/XMLSchema-instance" xsi:schemaLocation="http://www.openarchives.org/OAI/2.0/ http://www.openarchives.org/OAI/2.0/OAI-PMH.xsd"><responseDate>2026-06-01T09:17:34Z</responseDate><request verb="GetRecord" identifier="oai:riuma.uma.es:10630/10358" metadataPrefix="marc">https://riuma.uma.es/rest/oai/request</request><GetRecord><record><header><identifier>oai:riuma.uma.es:10630/10358</identifier><datestamp>2026-02-03T12:21:42Z</datestamp><setSpec>com_10630_2254</setSpec><setSpec>col_10630_37959</setSpec></header><metadata><record xmlns="http://www.loc.gov/MARC21/slim" xmlns:dcterms="http://purl.org/dc/terms/" xmlns:doc="http://www.lyncode.com/xoai" xmlns:xsi="http://www.w3.org/2001/XMLSchema-instance" xsi:schemaLocation="http://www.loc.gov/MARC21/slim http://www.loc.gov/standards/marcxml/schema/MARC21slim.xsd">
   <leader>00925njm 22002777a 4500</leader>
   <datafield ind2=" " ind1=" " tag="042">
      <subfield code="a">dc</subfield>
   </datafield>
   <datafield ind2=" " ind1=" " tag="720">
      <subfield code="a">Bombarely, Aureliano</subfield>
      <subfield code="e">author</subfield>
   </datafield>
   <datafield ind2=" " ind1=" " tag="260">
      <subfield code="c">2015-09-30</subfield>
   </datafield>
   <datafield ind2=" " ind1=" " tag="520">
      <subfield code="a">La domesticación de plantas ha sido un proceso esencial en el desarrollo de la agricultura. Este proceso implica la selección de fenotipos de acuerdo a necesidades humanas como alimento.  Aunque el proceso de domesticación puede ser estudiado desde un punto de vista arqueológico, son los estudios genéticos los que nos ayudan a entender como el ser humano ha seleccionado genes relacionados con fenotipos concretos. Buenos ejemplos de estos estudios son la caracterización de los genes Tga1 y Ramosa1 (maíz), qSH1 y Sh4 (arroz) y fw2.2 (tomate). Begonias, gloxinias y petunias son cultivos ornamentales que domesticaron en el siglo XVIII cumpliendo con las necesidades estéticas de los jardines europeos. Su proceso de domesticación es un ejemplo de selección de fenotipos concretos como forma y color de las flores. En nuestro estudio presentamos los primeros pasos para el estudio de la domesticación de estas especies como la creación de un genoma de referencia y la evaluación de su diversidad genética y fenotípica.</subfield>
   </datafield>
   <datafield ind1="8" ind2=" " tag="024">
      <subfield code="a">http://hdl.handle.net/10630/10358</subfield>
   </datafield>
   <datafield tag="653" ind2=" " ind1=" ">
      <subfield code="a">Plantas - Adaptación</subfield>
   </datafield>
   <datafield ind2="0" ind1="0" tag="245">
      <subfield code="a">Estudio de la domesticación de plantas usando cultivos ornamentales del siglo XVIII</subfield>
   </datafield>
</record>
</metadata></record></GetRecord></OAI-PMH>